Devinez la Capitale Mystère #151 - Statistiques

Statistiques générales
  • Ce quiz a été pris 88 fois
  • Le résultat moyen est 27 sur 37
Statistiques - réponses
Type de Réponse Réponse % Correct
Lettre de l'Alphabet A
100%
Lettre Trouvée I
100%
Lettre de l'Alphabet S
99%
Lettre Trouvée E
97%
Lettre Trouvée N
97%
Lettre Trouvée O
97%
Lettre Trouvée R
97%
Lettre de l'Alphabet L
95%
Lettre Trouvée T
93%
Lettre Trouvée B
89%
Lettre de l'Alphabet P
85%
Lettre Trouvée G
82%
Lettre de l'Alphabet K
82%
Lettre de l'Alphabet M
82%
Lettre Bien Placée B
80%
Lettre Trouvée D
80%
Lettre de l'Alphabet U
80%
Lettre de l'Alphabet C
78%
Lettre de l'Alphabet H
76%
Lettre Trouvée W
74%
Lettre Bien Placée N
70%
Lettre de l'Alphabet V
70%
Lettre Bien Placée E
69%
Lettre Bien Placée R
64%
Lettre Bien Placée D
61%
Lettre de l'Alphabet Y
61%
Lettre de l'Alphabet J
58%
Lettre de l'Alphabet X
55%
Lettre de l'Alphabet Z
55%
Lettre Bien Placée O
54%
Lettre Bien Placée I
53%
Lettre de l'Alphabet F
51%
Lettre Bien Placée T
51%
Lettre de l'Alphabet Q
49%
Lettre Bien Placée G
47%
Lettre Bien Placée W
47%
Capitale Mystère Bridgetown
45%
Aucun quiz correspondant
Distribution des résultats
% des personnes avec chaque résultat
Percentile par nombre de réponses
Votre historique - résultats
Vous n’avez pas pris ce quiz